000 00522cam a2200181ua 4500
020 _a81-85623-102-X
_c150.00
041 _aeng
_h
082 _a006.3
_bNOY/AR
100 _aNoyes, James L .
245 _aArtificial intelligence with common LISP: Fundamental of symbolic and numeric processing /
_cJames L Noyes.
_hTextual Documents
250 _a1 /
_b.
260 _aNewdelhi :
_bGalgolia book house ,
_c1993.
300 _a626 ; .
365 _a150.00
504 _a
942 _cBK
999 _c7371
_d7371